000 00681nam a22002537a 4500
003 OSt
005 20140310182920.0
008 130129t xxu||||| |||| 00| 0 eng d
020 _a9710869329
050 _aHF5728
_b.M433 2008
082 _aFIL 808.6
_bM42 2008
245 _aKorespondensiya sa Filipino
_cMatienzo, Narciso V.; Matienzo, Rosalina C.
250 _aBinagong ed.
260 _aMandaluyong City
_bNational Book Store
_c2008
300 _axi, 166 p.
_c26 cm.
521 _acollege students
526 _c1210L-1700L
541 _jc
541 _j2
541 _j3
541 _j4
562 _e4
942 _2lcc
_cBK
_kFIL
999 _c17341
_d17341